000 00577nam a2200121Ia 4500
008 171212s9999 xx 000 0 und d
020 _a9781921536328
245 _ceditor Skidmore, Monique;Wilson, Trevor
_aDictatorship, Disorder and Decline in Myanmar
260 _bANU E Press
_c2008
650 _aGovernment, Resistance to -- Burma; Military government -- Burma; Dictatorship -- Burma; Human rights -- Burma; Burma -- Politics and government; Burma -- Social conditions; Burma -- Economic conditions
650 _aHistory
856 _uwww.jstor.org/stable/10.2307/j.ctt24hf5k
999 _c351072
_d351072